[Event "SD-2017-0-00281"]
[Site "LSS email"]
[Date "2017.10.22"]
[Round "?"]
[White "Paglia, Angelo"]
[Black "Vio, Mauro"]
[Result "0-1"]
[WhiteElo "1581"]
[BlackElo "1456"]
[PlyCount "28"]
[EventDate "2017.07.08"]
[EventType "tourn (corr)"]
[EventRounds "6"]
[EventCountry "GER"]
[SourceTitle "Corr 2022"]
[Source "ChessBase"]
[SourceDate "2021.10.24"]
[SourceVersion "1"]
[SourceVersionDate "2021.10.24"]
[SourceQuality "1"]

1. d4 f5 2. g3 Nf6 3. Bg2 e6 4. Nf3 Be7 5. 0-0 0-0 6. c4 d5 7. b3 Nc6 8. Bb2 Ne4 9. Nbd2 Nxd2 10. Qxd2 a5 11. cxd5 exd5 12. Rac1 a4 13. Ne5 Nxe5 14. dxe5 c6 0-1

[Event "SD-2017-0-00281"]
[Site "LSS email"]
[Date "2017.10.22"]
[Round "?"]
[White "Salazar Moran, Alejandro Fortunato"]
[Black "Paglia, Angelo"]
[Result "1-0"]
[WhiteElo "1473"]
[BlackElo "1581"]
[PlyCount "25"]
[EventDate "2017.07.08"]
[EventType "tourn (corr)"]
[EventRounds "6"]
[EventCountry "GER"]
[SourceTitle "Corr 2022"]
[Source "ChessBase"]
[SourceDate "2021.10.24"]
[SourceVersion "1"]
[SourceVersionDate "2021.10.24"]
[SourceQuality "1"]

1. e4 e6 2. d4 d5 3. Nc3 dxe4 4. Nxe4 Nd7 5. Nf3 Ngf6 6. Bd3 Be7 7. 0-0 Nxe4 8. Bxe4 Nf6 9. Bd3 0-0 10. h4 c5 11. dxc5 Bxc5 12. Qe2 Bd7 13. Ne5 1-0

[Event "SD-2017-0-00272"]
[Site "LSS email"]
[Date "2017.03.01"]
[Round "?"]
[White "Paglia, Angelo"]
[Black "Koziol, Pawel"]
[Result "0-1"]
[WhiteElo "1633"]
[BlackElo "1659"]
[PlyCount "70"]
[EventDate "2016.11.29"]
[EventType "tourn (corr)"]
[EventRounds "6"]
[EventCountry "GER"]
[SourceTitle "Corr 2022"]
[Source "ChessBase"]
[SourceDate "2021.10.24"]
[SourceVersion "1"]
[SourceVersionDate "2021.10.24"]
[SourceQuality "1"]

1. d4 Nf6 2. c4 d6 3. Nc3 Nbd7 4. e4 e5 5. Nge2 g6 6. f3 Bg7 7. Be3 0-0 8. d5 Ne8 9. Ng3 Qh4 10. Qd2 Qe7 11. Bd3 Nc5 12. Bc2 a5 13. 0-0 f5 14. exf5 gxf5 15. f4 e4 16. Rae1 Qh4 17. b3 Nf6 18. Nce2 Ng4 19. h3 Nxe3 20. Qxe3 Bd7 21. Kh2 b5 22. Nd4 b4 23. Nge2 Kh8 24. g3 Qf6 25. Rg1 a4 26. Ra1 h5 27. h4 Qg6 28. Qd2 Rfb8 29. Qe3 Rg8 30. Qd2 Bf6 31. Qxb4 axb3 32. Bxb3 Ba4 33. Qc3 Nd3 34. Bxa4 Rxa4 35. Qc2 Nf2 0-1

[Event "Ghedi Autunn op 1st"]
[Site "Ghedi"]
[Date "2014.11.09"]
[Round "2"]
[White "Paglia, Angelo"]
[Black "Poletti, Fausto"]
[Result "0-1"]
[WhiteElo "1694"]
[BlackElo "1912"]
[PlyCount "120"]
[EventDate "2014.11.08"]
[EventType "swiss"]
[EventRounds "6"]
[EventCountry "ITA"]
[SourceTitle "EXT 2017"]
[Source "ChessBase"]
[SourceDate "2016.10.25"]
[SourceVersion "1"]
[SourceVersionDate "2016.10.25"]
[SourceQuality "1"]

1. d4 Nf6 2. c4 g6 3. Nc3 Bg7 4. e4 d6 5. f3 0-0 6. h4 h5 7. Be3 Na6 8. Qd2 c5 9. Nge2 cxd4 10. Nxd4 Nc5 11. Be2 Bd7 12. Nc2 b6 13. Nb4 Rc8 14. Nbd5 Nxd5 15. Nxd5 Be6 16. Rc1 Qd7 17. b3 Rfd8 18. Bd4 Bxd4 19. Qxd4 Bxd5 20. exd5 e5 21. Qe3 f5 22. Qg5 Qg7 23. b4 Nd7 24. g4 hxg4 25. fxg4 Rf8 26. h5 gxh5 27. Rxh5 f4 28. Qxg7+ Kxg7 29. Bd3 Nf6 30. Rg5+ Kf7 31. Rf5 Ke7 32. g5 Nh5 33. Rxf8 Rxf8 34. Kf2 Rg8 35. g6 Ng3 36. c5 bxc5 37. bxc5 dxc5 38. Rxc5 e4 39. Bc4 Rxg6 40. Rc7+ Kd8 41. Rf7 Nh1+ 42. Kf1 f3 43. Rf4 f2 44. Rxf2 Nxf2 45. Kxf2 Ke7 46. Ke3 Rg4 47. Be2 Rh4 48. Bc4 Kd6 49. Bb3 Ke5 50. Ke2 Rh2+ 51. Ke3 Rh3+ 52. Ke2 Rd3 53. Bc4 Rd4 54. Bb3 a5 55. a4 Rb4 56. Bd1 Kxd5 57. Ke3 Ke5 58. Bc2 Rc4 59. Bd1 Rc3+ 60. Kd2 Kd4 0-1

[Event "RC-2013-0-00137"]
[Site "LSS email"]
[Date "2014.01.05"]
[Round "?"]
[White "Paglia, Angelo"]
[Black "Poblete, Litos"]
[Result "0-1"]
[WhiteElo "1566"]
[BlackElo "1557"]
[PlyCount "88"]
[EventDate "2013.11.26"]
[EventType "tourn (corr)"]
[EventRounds "6"]
[EventCountry "GER"]
[SourceTitle "Telechess CBM 167"]
[Source "ChessBase"]
[SourceDate "2015.07.13"]
[SourceVersion "1"]
[SourceVersionDate "2015.07.13"]
[SourceQuality "1"]

1. d4 Nf6 2. Nf3 e6 3. g3 b6 4. Bg2 Bb7 5. c4 Bb4+ 6. Bd2 Bxd2+ 7. Qxd2 c5 8. Nc3 cxd4 9. Qxd4 Nc6 10. Qf4 0-0 11. 0-0 Qe7 12. a3 Rfd8 13. e4 d6 14. Rad1 Rac8 15. Nb5 e5 16. Qg5 a6 17. Nc3 Na5 18. Nd5 Bxd5 19. cxd5 Rc2 20. b4 Nc4 21. Nh4 Nxd5 22. Qg4 Nf6 23. Qg5 h6 24. Qf5 Nxa3 25. Qh3 g6 26. g4 Nb5 27. Nxg6 fxg6 28. Qb3+ Kg7 29. Qxc2 Nxg4 30. Qc6 Rb8 31. Ra1 Nd4 32. Qc4 b5 33. Qa2 Rb6 34. Rfc1 Nf6 35. f4 Rb7 36. Rc3 d5 37. exd5 Qxb4 38. fxe5 Ng4 39. Rac1 Nxe5 40. Rc7+ Rxc7 41. Rxc7+ Kf6 42. Qf2+ Nf5 43. Bh3 Qd6 44. Rb7 Qxd5 0-1

[Event "RC-2013-0-00137"]
[Site "LSS email"]
[Date "2014.01.01"]
[Round "?"]
[White "Paglia, Angelo"]
[Black "Bokros, Janos"]
[Result "0-1"]
[WhiteElo "1566"]
[BlackElo "1566"]
[PlyCount "34"]
[EventDate "2013.11.26"]
[EventType "tourn (corr)"]
[EventRounds "6"]
[EventCountry "GER"]
[SourceTitle "Telechess CBM 167"]
[Source "ChessBase"]
[SourceDate "2015.07.13"]
[SourceVersion "1"]
[SourceVersionDate "2015.07.13"]
[SourceQuality "1"]

1. d4 Nf6 2. c4 e6 3. Nf3 Be7 4. g3 d5 5. Bg2 0-0 6. Qc2 c5 7. 0-0 Nc6 8. dxc5 d4 9. a3 a5 10. Rd1 Bxc5 11. Nc3 e5 12. e3 Bg4 13. Ne2 Qb6 14. exd4 exd4 15. Nf4 d3 16. Nxd3 Bxf3 17. Bxf3 Nd4 0-1

[Event "SC-2011-0-00101"]
[Site "LSS email"]
[Date "2011.05.13"]
[Round "?"]
[White "Paglia, Angelo"]
[Black "Lizorkina, Veronika"]
[Result "0-1"]
[WhiteElo "1620"]
[BlackElo "2056"]
[PlyCount "88"]
[EventDate "2011.04.06"]
[EventType "tourn (corr)"]
[EventRounds "6"]
[EventCountry "GER"]
[SourceTitle "Telechess CBM 149"]
[Source "ChessBase"]
[SourceDate "2012.07.17"]
[SourceVersion "1"]
[SourceVersionDate "2012.07.17"]
[SourceQuality "1"]

1. d4 Nf6 2. Bf4 c5 3. e3 d5 4. c3 Nc6 5. Nd2 e6 6. Bd3 h6 7. Ngf3 Bd6 8. Bg3 Bxg3 9. hxg3 Qb6 10. Qc2 0-0 11. Rh4 Re8 12. Ne5 Nxe5 13. dxe5 Nd7 14. Nf3 c4 15. Be2 Qc7 16. Rh5 Nc5 17. g4 Bd7 18. g5 Ba4 19. Qb1 g6 20. Rxh6 Kg7 21. b3 Bc6 22. Qd1 Ne4 23. Qd4 Qe7 24. bxc4 dxc4 25. Qxc4 Nxg5 26. Rh1 Rh8 27. Rg1 Nxf3+ 28. gxf3 Rh4 29. e4 Rh2 30. Qb4 Qh4 31. Qc5 Qf4 32. Qe3 Qxe5 33. 0-0-0 Ba4 34. Rd4 Qa5 35. Rb4 Bc6 36. Kb2 Rah8 37. f4 Qd8 38. Rg3 R8h4 39. Bd3 a5 40. Rb3 Kg8 41. e5 Rh1 42. Ka3 Qf8+ 43. Kb2 Qh6 44. c4 Rxf4 0-1

[Event "SC-2011-0-00101"]
[Site "LSS email"]
[Date "2011.05.13"]
[Round "?"]
[White "Van Bommel, Ton"]
[Black "Paglia, Angelo"]
[Result "1-0"]
[WhiteElo "1904"]
[BlackElo "1620"]
[PlyCount "89"]
[EventDate "2011.04.06"]
[EventType "tourn (corr)"]
[EventRounds "6"]
[EventCountry "GER"]
[SourceTitle "Telechess CBM 149"]
[Source "ChessBase"]
[SourceDate "2012.07.17"]
[SourceVersion "1"]
[SourceVersionDate "2012.07.17"]
[SourceQuality "1"]

1. e4 c5 2. Nf3 e6 3. d4 cxd4 4. Nxd4 Nc6 5. Nc3 a6 6. Be2 Qc7 7. 0-0 Nf6 8. Be3 Bb4 9. Nxc6 bxc6 10. Qd4 Bd6 11. f4 e5 12. Qd2 Rb8 13. Rfd1 exf4 14. Qxd6 Qxd6 15. Rxd6 fxe3 16. b3 Rb4 17. Rd3 Nxe4 18. Rxe3 f5 19. a3 Rd4 20. Bd3 0-0 21. Nxe4 fxe4 22. Bxe4 d5 23. Bd3 Bf5 24. Bxa6 Bxc2 25. Bf1 Rb8 26. Rc3 Bd1 27. Rb1 Rd2 28. a4 Rc8 29. Ba6 Rf8 30. Rd3 Rxd3 31. Bxd3 Bg4 32. b4 Ra8 33. a5 c5 34. Kf2 Be6 35. a6 c4 36. b5 cxd3 37. b6 Bc8 38. b7 Bxb7 39. axb7 Rb8 40. Ke3 d2 41. Kxd2 Kf7 42. Ke3 Ke6 43. Kd4 Kd6 44. h4 Kc6 45. h5 1-0

[Event "OP-2011-0-01370"]
[Site "LSS email"]
[Date "2011.01.12"]
[Round "?"]
[White "Luethi, Hansjuerg"]
[Black "Paglia, Angelo"]
[Result "0-1"]
[WhiteElo "1615"]
[BlackElo "1552"]
[PlyCount "102"]
[EventDate "2011.01.06"]
[EventType "tourn (corr)"]
[EventRounds "4"]
[EventCountry "GER"]
[SourceTitle "Telechess CBM 147"]
[Source "ChessBase"]
[SourceDate "2012.03.16"]
[SourceVersion "1"]
[SourceVersionDate "2012.03.16"]
[SourceQuality "1"]

1. e4 c5 2. Nf3 d6 3. d4 cxd4 4. Nxd4 Nf6 5. Nc3 a6 6. Be2 e5 7. Nb3 Be6 8. 0-0 Be7 9. Qd3 Qc7 10. Nd5 Bxd5 11. exd5 0-0 12. c4 Nbd7 13. Be3 Ne8 14. a4 f5 15. a5 f4 16. Bd2 Nef6 17. Bb4 e4 18. Qh3 Ne5 19. Nd4 Qc8 20. Qe6+ Qxe6 21. Nxe6 f3 22. gxf3 exf3 23. Bd1 Rfc8 24. b3 Nfd7 25. h3 Rab8 26. Ra2 Kf7 27. Bd2 Nc5 28. Nxc5 Rxc5 29. Bc3 Re8 30. Bd4 Rcc8 31. Bxe5 dxe5 32. Bxf3 Bd6 33. Re1 Rc7 34. Re4 Rf8 35. Kg2 Ke8 36. Rb2 Rcf7 37. Bg4 Rf4 38. f3 Rxe4 39. fxe4 Bb4 40. Bc8 Rf7 41. Ra2 Rc7 42. Be6 Ke7 43. Kf3 Rc5 44. Kg4 Kd6 45. Kh5 Rxa5 46. Rg2 g6+ 47. Kh6 Ra3 48. Kxh7 Rxb3 49. Rxg6 a5 50. Bg4+ Kc7 51. Kg7 a4 0-1

[Event "OP-2011-0-01370"]
[Site "LSS email"]
[Date "2011.01.12"]
[Round "?"]
[White "Paglia, Angelo"]
[Black "Molina, Vicente Andres"]
[Result "1-0"]
[WhiteElo "1552"]
[BlackElo "791"]
[PlyCount "79"]
[EventDate "2011.01.06"]
[EventType "tourn (corr)"]
[EventRounds "4"]
[EventCountry "GER"]
[SourceTitle "Telechess CBM 147"]
[Source "ChessBase"]
[SourceDate "2012.03.16"]
[SourceVersion "1"]
[SourceVersionDate "2012.03.16"]
[SourceQuality "1"]

1. e4 d6 2. d4 g6 3. Nc3 Bg7 4. h3 Nc6 5. Nf3 e5 6. d5 Nce7 7. Bd3 Nh6 8. Be3 f5 9. exf5 Nhxf5 10. Qd2 0-0 11. 0-0-0 Nxe3 12. fxe3 Nf5 13. Qf2 Bh6 14. Bxf5 Bxf5 15. Kb1 Qe7 16. Qe2 Rae8 17. Rhf1 Bd7 18. Ne4 Bf5 19. Nfd2 Qh4 20. g4 Bd7 21. Rh1 Rf7 22. Nf3 Qe7 23. Rdf1 Ref8 24. Rh2 c6 25. c4 cxd5 26. cxd5 a6 27. Nc3 b5 28. a3 e4 29. Nd2 Rxf1+ 30. Nxf1 Qe5 31. Nd2 b4 32. axb4 Rb8 33. Nc4 Qe7 34. Na5 Rxb4 35. Nc6 Bxc6 36. dxc6 Qe5 37. Qd2 Qc5 38. Qd5+ Qxd5 39. Nxd5 Rc4 40. Rc2 1-0

[Event "LSS SC-2010-0-00066"]
[Site "LSS email"]
[Date "2010.08.03"]
[Round "?"]
[White "Van Esbroeck, Jeff"]
[Black "Paglia, Angelo"]
[Result "1/2-1/2"]
[WhiteElo "1548"]
[BlackElo "1660"]
[PlyCount "49"]
[EventDate "2010.06.18"]
[EventType "tourn (corr)"]
[EventRounds "6"]
[EventCountry "GER"]
[SourceTitle "Telechess CBM 143"]
[Source "ChessBase"]
[SourceDate "2011.07.15"]
[SourceVersion "1"]
[SourceVersionDate "2011.07.15"]
[SourceQuality "1"]

1. e4 c5 2. Nf3 e6 3. Nc3 Nc6 4. Bb5 Nd4 5. 0-0 a6 6. Bd3 Nc6 7. b3 d6 8. Bb2 Nf6 9. Re1 e5 10. Nd5 Be7 11. c3 0-0 12. Qe2 Be6 13. Ne3 b5 14. Ng5 Bc8 15. Bc2 Qb6 16. a4 b4 17. h3 h6 18. Nf3 Be6 19. c4 Qb7 20. a5 Bd8 21. Qd3 Ne8 22. Ra4 Nxa5 23. Nf5 Bxf5 24. exf5 Nc6 25. Raa1 1/2-1/2

[Event "LSS SC-2010-0-00066"]
[Site "LSS email"]
[Date "2010.08.01"]
[Round "?"]
[White "Moreira, Carlos Alberto Lima"]
[Black "Paglia, Angelo"]
[Result "1-0"]
[WhiteElo "1715"]
[BlackElo "1660"]
[PlyCount "67"]
[EventDate "2010.06.18"]
[EventType "tourn (corr)"]
[EventRounds "6"]
[EventCountry "GER"]
[SourceTitle "Telechess CBM 143"]
[Source "ChessBase"]
[SourceDate "2011.07.15"]
[SourceVersion "1"]
[SourceVersionDate "2011.07.15"]
[SourceQuality "1"]

1. e4 c5 2. Nf3 d6 3. d4 cxd4 4. Nxd4 Nf6 5. Nc3 a6 6. Be3 e5 7. Nb3 Be6 8. f3 Be7 9. Qd2 0-0 10. 0-0-0 Nbd7 11. g4 b5 12. g5 b4 13. Ne2 Ne8 14. Ng3 a5 15. Kb1 a4 16. Nc1 b3 17. cxb3 axb3 18. axb3 Qb8 19. Bc4 Bd8 20. Nf5 Ba5 21. Qd3 Bb4 22. Ne7+ Kh8 23. Nc6 Qb7 24. Nxb4 Qxb4 25. Na2 Qa5 26. b4 Bxc4 27. Qxc4 Nb6 28. Qb3 Qb5 29. h4 f6 30. Nc3 Qc4 31. Qxc4 Nxc4 32. Bc1 Rb8 33. Nd5 Nb6 34. Ne3 1-0